000 00452nam a2200181Ia 4500
001 11609
005 20260306162840.0
008 260306t2010||||xx |||||||||||||| ||spa||
041 _aESP
082 _a985.4
_bT12
100 _aTacca Quispe, Lorenzo Wilbert
_eAUT
245 0 _aMajes historia de la irrigación y del distrito
260 _c2010
300 _a66 pƔginas :
_c14 cm
650 _aGEN
654 _aCHU
942 _cLIB
_dJUS
_fJUS
_2ddc
_n
999 _c11609
_d11609